[Event "GER-ch Net blitz qual4"]
[Site "Playchess.com INT"]
[Date "2021.05.10"]
[Round "1"]
[White "Neusuess, Willi"]
[Black "Meschke, Andreas"]
[Result "0-1"]
[WhiteElo "1312"]
[BlackElo "1830"]
[PlyCount "72"]
[EventDate "2021.05.10"]
[EventType "swiss (blitz)"]
[EventRounds "11"]
[EventCountry "GER"]
[SourceTitle "CBM 202 Extra"]
[Source "ChessBase"]
[SourceDate "2021.07.31"]
[SourceVersion "1"]
[SourceVersionDate "2021.07.31"]
[SourceQuality "1"]

1. d4 d5 2. c3 c6 3. e3 Bf5 4. f4 Nd7 5. Nf3 Qc7 6. Be2 0-0-0 7. Nbd2 f6 8. Nb3 e5 9. fxe5 fxe5 10. 0-0 Bg4 11. h3 Bxf3 12. Rxf3 Ngf6 13. Bd3 e4 14. Bxe4 Nxe4 15. Rf7 Ng5 16. Qg4 Nxf7 17. Nc5 Bxc5 18. dxc5 Qe5 19. Bd2 Rhe8 20. Re1 Nh6 21. Qe2 Nxc5 22. b4 Ne4 23. Bc1 Nf5 24. a4 Neg3 25. Qg4 h5 26. Qf3 Qe4 27. Qf2 h4 28. Kh2 Qe5 29. Kg1 Ne4 30. Qf3 Nfg3 31. Qg4+ Qf5 32. Qxg7 Qf2+ 33. Kh2 Qxe1 34. Qg4+ Kb8 35. Qf4+ Ka8 36. Bb2 Qh1# 0-1

[Event "GER-ch Net blitz qual3"]
[Site "Playchess.com INT"]
[Date "2021.05.07"]
[Round "4"]
[White "Neusuess, Willi"]
[Black "Oberling, Mario"]
[Result "0-1"]
[WhiteElo "1414"]
[BlackElo "1615"]
[PlyCount "52"]
[EventDate "2021.05.07"]
[EventType "swiss (blitz)"]
[EventRounds "11"]
[EventCountry "GER"]
[SourceTitle "CBM 202 Extra"]
[Source "ChessBase"]
[SourceDate "2021.07.31"]
[SourceVersion "1"]
[SourceVersionDate "2021.07.31"]
[SourceQuality "1"]

1. d4 Nf6 2. c3 e6 3. e3 d5 4. f4 c5 5. Bd3 Nc6 6. Nf3 c4 7. Bc2 Be7 8. 0-0 h6 9. Ne5 Qc7 10. Qf3 Bd7 11. Nd2 Bd6 12. e4 dxe4 13. Nxe4 Nxe4 14. Bxe4 0-0 15. f5 Nxe5 16. dxe5 Bxe5 17. Bd2 Bxh2+ 18. Kh1 Be5 19. Rae1 exf5 20. Bxf5 Bxf5 21. Qxf5 Bg3 22. Re2 Rae8 23. Rxe8 Rxe8 24. Qxf7+ Qxf7 25. Rxf7 Kxf7 26. Bc1 Re1# 0-1

[Event "GER-ch Net blitz qual2"]
[Site "Playchess.com INT"]
[Date "2021.05.04"]
[Round "9"]
[White "Barz, Stephan"]
[Black "Neusuess, Willi"]
[Result "1-0"]
[WhiteElo "1538"]
[BlackElo "1548"]
[PlyCount "77"]
[EventDate "2021.05.04"]
[EventType "swiss (blitz)"]
[EventRounds "11"]
[EventCountry "GER"]
[SourceTitle "CBM 202 Extra"]
[Source "ChessBase"]
[SourceDate "2021.07.31"]
[SourceVersion "1"]
[SourceVersionDate "2021.07.31"]
[SourceQuality "1"]

1. e4 g6 2. d4 Bg7 3. c3 e6 4. Nf3 a6 5. Be2 Ne7 6. 0-0 0-0 7. Be3 c6 8. Qd2 d6 9. Bh6 e5 10. Bxg7 Kxg7 11. h3 f5 12. exf5 Bxf5 13. Na3 Nd7 14. Nc4 Nf6 15. dxe5 dxe5 16. Qxd8 Raxd8 17. Ncxe5 Ned5 18. g4 Be4 19. Nd4 Rd6 20. f3 Bc2 21. Nxc2 b5 22. Rad1 a5 23. c4 bxc4 24. Bxc4 Rfd8 25. Bxd5 Rxd5 26. Rxd5 Rxd5 27. Nxc6 Rd2 28. N6d4 a4 29. Rf2 Rd3 30. Kg2 Nd5 31. Kg3 Nf6 32. Ne6+ Kf7 33. Ncd4 Rd1 34. Rc2 Rg1+ 35. Kf2 Rd1 36. Rc7+ Ke8 37. Nc6 Rd2+ 38. Ke1 Rd6 39. Re7# 1-0